[Event "Winnipeg TNT February op"]
[Site "Winnipeg CAN"]
[Date "2017.02.21"]
[Round "3.4"]
[White "Ford, Stephen"]
[Black "Einarsson, Ken"]
[Result "0-1"]
[WhiteElo "1575"]
[BlackElo "1711"]
[WhiteFideId "-1"]
[WhiteFideId "-1"]
[PlyCount "86"]
[GameId "2160767908478732"]
[EventDate "2017.02.07"]
[EventType "swiss"]
[EventRounds "4"]
[EventCountry "CAN"]
[SourceTitle "EXT 2022"]
[Source "ChessBase"]
[SourceDate "2021.10.06"]
[SourceVersion "1"]
[SourceVersionDate "2021.10.06"]
[SourceQuality "1"]

1. e4 c6 2. d4 d5 3. Nc3 dxe4 4. Nxe4 Bf5 5. Ng3 Bg6 6. Nf3 h6 7. Bd3 Bxd3 8. Qxd3 Nf6 9. O-O e6 10. Ne5 Nbd7 11. Nxd7 Qxd7 12. Bf4 Nd5 13. Be3 Be7 14. c4 Nf6 15. Rad1 Rd8 16. Ne4 O-O 17. Nxf6+ Bxf6 18. Rd2 c5 19. d5 Qe7 20. b3 Qd6 21. g3 e5 22. Rfd1 b6 23. Re2 Rfe8 24. Qe4 Rd7 25. Bd2 b5 26. Rde1 b4 27. Qg4 Kh8 28. Bc1 Rde7 29. Bb2 a5 30. Re4 g6 31. Bc1 Bg7 32. Qe2 f5 33. Rh4 Kh7 34. f4 e4 35. Bb2 Bd4+ 36. Bxd4 cxd4 37. Qd2 Qc5 38. g4 d3+ 39. Kh1 Qd4 40. g5 h5 41. Rh3 e3 42. Rhxe3 Rxe3 43. Rxe3 Qxe3 0-1

[Event "Winnipeg TNT February op"]
[Site "Winnipeg CAN"]
[Date "2017.02.21"]
[Round "3.4"]
[White "Leaden, Bruce"]
[Black "Goodman, Clifford"]
[Result "0-1"]
[WhiteElo "1448"]
[BlackElo "1595"]
[WhiteFideId "-1"]
[WhiteFideId "-1"]
[PlyCount "50"]
[GameId "2160767908478733"]
[EventDate "2017.02.07"]
[EventType "swiss"]
[EventRounds "4"]
[EventCountry "CAN"]
[SourceTitle "EXT 2022"]
[Source "ChessBase"]
[SourceDate "2021.10.06"]
[SourceVersion "1"]
[SourceVersionDate "2021.10.06"]
[SourceQuality "1"]

1. e4 c5 2. Nc3 g6 3. f4 Nc6 4. Nf3 Bg7 5. Bb5 Nd4 6. O-O Nxb5 7. Nxb5 a6 8. Nc3 d6 9. d3 Nf6 10. Qe1 O-O 11. Qh4 h6 12. e5 dxe5 13. Ne4 exf4 14. Nxf6+ exf6 15. Qxf4 g5 16. Qd2 f5 17. c3 f4 18. d4 cxd4 19. Nxd4 Qd5 20. Qd3 Rd8 21. Kh1 Bxd4 22. Rd1 Qf5 23. Qxf5 Bxf5 24. Rxd4 Rxd4 25. cxd4 Rd8 0-1

[Event "Winnipeg TNT February op"]
[Site "Winnipeg CAN"]
[Date "2017.02.21"]
[Round "3.4"]
[White "Myrzaibraimova, Aibike"]
[Black "Magyar, Peter"]
[Result "1/2-1/2"]
[WhiteElo "1582"]
[BlackElo "1529"]
[WhiteFideId "-1"]
[WhiteFideId "-1"]
[PlyCount "46"]
[GameId "2160767908478735"]
[EventDate "2017.02.07"]
[EventType "swiss"]
[EventRounds "4"]
[EventCountry "CAN"]
[SourceTitle "EXT 2022"]
[Source "ChessBase"]
[SourceDate "2021.10.06"]
[SourceVersion "1"]
[SourceVersionDate "2021.10.06"]
[SourceQuality "1"]

1. e4 e6 2. d4 d5 3. e5 c5 4. c3 Nc6 5. Nf3 Nh6 6. h3 Nf5 7. Bf4 Be7 8. Bb5 Bd7 9. O-O O-O 10. Na3 cxd4 11. cxd4 Rc8 12. Nc2 Nb4 13. Bxd7 Qxd7 14. Nxb4 Bxb4 15. Rc1 Ba5 16. Rxc8 Rxc8 17. a3 h6 18. Bd2 Bxd2 19. Qxd2 Rc6 20. Rc1 Qc7 21. Rxc6 Qxc6 22. Qc3 Kf8 23. Qxc6 bxc6 1/2-1/2

[Event "Winnipeg TNT February op"]
[Site "Winnipeg CAN"]
[Date "2017.02.21"]
[Round "3.4"]
[White "Piche, Zachary"]
[Black "Myrzaibraimov, Azamat"]
[Result "1-0"]
[WhiteElo "1319"]
[BlackElo "1633"]
[WhiteFideId "-1"]
[WhiteFideId "-1"]
[PlyCount "101"]
[GameId "2160767908478736"]
[EventDate "2017.02.07"]
[EventType "swiss"]
[EventRounds "4"]
[EventCountry "CAN"]
[SourceTitle "EXT 2022"]
[Source "ChessBase"]
[SourceDate "2021.10.06"]
[SourceVersion "1"]
[SourceVersionDate "2021.10.06"]
[SourceQuality "1"]

1. d4 d5 2. c4 c6 3. Nc3 e6 4. Nf3 h6 5. Bf4 Nf6 6. e3 Bb4 7. Qc2 Ne4 8. Ne5 Nd7 9. a3 Ba5 10. b4 Bc7 11. Nxe4 Nxe5 12. Bxe5 Bxe5 13. dxe5 dxe4 14. Qxe4 O-O 15. Bd3 g6 16. O-O f5 17. exf6 Qxf6 18. Qxg6+ Qxg6 19. Bxg6 Bd7 20. Rad1 Rad8 21. Rd2 Bc8 22. Rfd1 Rxd2 23. Rxd2 e5 24. Kf1 Be6 25. c5 Kg7 26. Rd6 Rf6 27. Be4 Bc4+ 28. Ke1 Rxd6 29. cxd6 Be6 30. Kd2 Kf6 31. Kd3 Bd7 32. Kc4 Ke6 33. Kc5 b6+ 34. Kc4 Kxd6 35. f4 Be6+ 36. Kc3 Bd5 37. Kd3 b5 38. g4 Bc4+ 39. Kc3 c5 40. g5 cxb4+ 41. axb4 exf4 42. gxh6 fxe3 43. h7 e2 44. Kd2 Ke5 45. h8=Q+ Kxe4 46. Qe8+ Kf3 47. h4 Kf2 48. h5 Bd3 49. Kxd3 e1=Q 50. Qxe1+ Kxe1 51. h6 1-0

[Event "Winnipeg TNT February op"]
[Site "Winnipeg CAN"]
[Date "2017.02.21"]
[Round "3.4"]
[White "Prince, Colin"]
[Black "Magnusson, Saul"]
[Result "0-1"]
[WhiteElo "1879"]
[BlackElo "2082"]
[WhiteFideId "-1"]
[WhiteFideId "-1"]
[PlyCount "49"]
[GameId "2160767908478737"]
[EventDate "2017.02.07"]
[EventType "swiss"]
[EventRounds "4"]
[EventCountry "CAN"]
[SourceTitle "EXT 2022"]
[Source "ChessBase"]
[SourceDate "2021.10.06"]
[SourceVersion "1"]
[SourceVersionDate "2021.10.06"]
[SourceQuality "1"]

1. e4 e5 2. Nf3 Nc6 3. Bc4 Bc5 4. c3 Nf6 5. d4 exd4 6. cxd4 Bb4+ 7. Nc3 Nxe4 8. O-O Bxc3 9. d5 Ne7 10. bxc3 d6 11. Re1 Nc5 12. Qe2 Bg4 13. Bb5+ Nd7 14. Bg5 f6 15. Bh4 a6 16. Bxd7+ Qxd7 17. Qe3 Bxf3 18. Qxf3 O-O 19. Re6 Ng6 20. Qe4 f5 21. Qc4 b5 22. Qe2 Nxh4 23. Re7 Qc8 24. Re1 Ng6 25. Qe6+ 0-1

[Event "Winnipeg TNT February op"]
[Site "Winnipeg CAN"]
[Date "2017.02.21"]
[Round "3.4"]
[White "Reimer, Bruce"]
[Black "Letain, Cory"]
[Result "1-0"]
[WhiteElo "1576"]
[BlackElo "1737"]
[WhiteFideId "-1"]
[WhiteFideId "-1"]
[PlyCount "107"]
[GameId "2160767908478738"]
[EventDate "2017.02.07"]
[EventType "swiss"]
[EventRounds "4"]
[EventCountry "CAN"]
[SourceTitle "EXT 2022"]
[Source "ChessBase"]
[SourceDate "2021.10.06"]
[SourceVersion "1"]
[SourceVersionDate "2021.10.06"]
[SourceQuality "1"]

1. c4 b6 2. e4 e6 3. Nc3 Bb7 4. d3 f5 5. a3 Nf6 6. Bg5 Be7 7. Bxf6 Bxf6 8. Qh5+ g6 9. Qe2 Nc6 10. Nf3 Bxc3+ 11. bxc3 Qe7 12. g3 fxe4 13. Qxe4 O-O-O 14. Qe3 Qf6 15. d4 Na5 16. Bg2 Nxc4 17. Qe2 Rhf8 18. Qxc4 Bxf3 19. O-O Bxg2 20. Kxg2 Qf3+ 21. Kg1 Rf7 22. a4 h5 23. a5 Qd5 24. Qxd5 exd5 25. axb6 cxb6 26. Rxa7 Rdf8 27. Ra6 Rf6 28. Ra8+ Kb7 29. Rxf8 Rxf8 30. f4 Rc8 31. f5 g5 32. f6 Rf8 33. Rf5 Kc6 34. Kf2 Kd6 35. Ke3 Ke6 36. Rxg5 h4 37. f7 hxg3 38. hxg3 Rxf7 39. Rg6+ Rf6 40. Rxf6+ Kxf6 41. Kf4 d6 42. Ke3 Kf5 43. Kf3 b5 44. g4+ Kg5 45. Kg3 Kg6 46. Kf4 Kf6 47. g5+ Kg6 48. Kg4 Kg7 49. Kf5 Kf7 50. g6+ Kg7 51. Kg5 Kg8 52. Kf6 Kf8 53. g7+ Kg8 54. Ke6 1-0

[Event "Winnipeg TNT February op"]
[Site "Winnipeg CAN"]
[Date "2017.02.21"]
[Round "3.4"]
[White "Remillard, John"]
[Black "Wolchock, Theo"]
[Result "0-1"]
[WhiteElo "1646"]
[BlackElo "1967"]
[WhiteFideId "-1"]
[WhiteFideId "-1"]
[PlyCount "48"]
[GameId "2160767908478739"]
[EventDate "2017.02.07"]
[EventType "swiss"]
[EventRounds "4"]
[EventCountry "CAN"]
[SourceTitle "EXT 2022"]
[Source "ChessBase"]
[SourceDate "2021.10.06"]
[SourceVersion "1"]
[SourceVersionDate "2021.10.06"]
[SourceQuality "1"]

1. Nf3 d5 2. g3 Nf6 3. Bg2 Bf5 4. b3 e6 5. Bb2 Bd6 6. O-O h5 7. Nh4 c6 8. f4 Nbd7 9. Nf3 Qc7 10. Na3 h4 11. Ne5 hxg3 12. hxg3 Nxe5 13. fxe5 Bxe5 14. Bxe5 Qxe5 15. Qe1 Ne4 16. Rf3 Bg4 17. Re3 Qh5 18. Rxe4 dxe4 19. Nc4 Qh2+ 20. Kf2 Rh3 21. Qg1 Qxg3+ 22. Kf1 Rh6 23. Bxe4 Rf6+ 24. Bf3 Bh3+ 0-1

[Event "Winnipeg TNT February op"]
[Site "Winnipeg CAN"]
[Date "2017.02.21"]
[Round "3.4"]
[White "Wiebe, Isaac"]
[Black "Green, Jim"]
[Result "1/2-1/2"]
[WhiteElo "2210"]
[BlackElo "1869"]
[WhiteFideId "-1"]
[WhiteFideId "-1"]
[PlyCount "177"]
[GameId "2160767908478741"]
[EventDate "2017.02.07"]
[EventType "swiss"]
[EventRounds "4"]
[EventCountry "CAN"]
[SourceTitle "EXT 2022"]
[Source "ChessBase"]
[SourceDate "2021.10.06"]
[SourceVersion "1"]
[SourceVersionDate "2021.10.06"]
[SourceQuality "1"]

1. d4 d5 2. Bf4 c6 3. Nd2 Nf6 4. e3 g6 5. Bd3 Bg7 6. h3 O-O 7. Ngf3 Nbd7 8. O-O c5 9. c3 b6 10. Qa4 c4 11. Bb1 Bb7 12. Ne5 a6 13. Nxd7 Nxd7 14. e4 b5 15. Qd1 dxe4 16. Bxe4 Bxe4 17. Nxe4 e5 18. Be3 exd4 19. Bxd4 Nf6 20. Bxf6 Bxf6 21. Qxd8 Bxd8 22. Rad1 Re8 23. Rfe1 Kg7 24. Rd7 Re7 25. Rxe7 Bxe7 26. Rd1 Rd8 27. Rxd8 Bxd8 28. Nc5 a5 29. Kf1 b4 30. Ne4 f5 31. Nd6 bxc3 32. bxc3 Bf6 33. Ke2 Bxc3 34. Nxc4 Kf6 35. Ne3 Ke6 36. Nc2 Kd5 37. Kd3 Be5 38. Ne3+ Kc5 39. Nc4 Bc7 40. Kc3 Bd8 41. Kd3 Bc7 42. f3 Kd5 43. h4 Bd8 44. g3 Bc7 45. f4 h6 46. Ne3+ Kc5 47. h5 gxh5 48. Nxf5 Kb4 49. Kc2 Kc5 50. Ng7 Kd5 51. Nxh5 Ke4 52. Kc3 Kf3 53. Kd4 Kg4 54. Nf6+ Kxg3 55. Ke4 h5 56. Nxh5+ Kf2 57. f5 Bd6 58. Nf4 Ke1 59. Nd5 Kd2 60. Kd4 Kc2 61. a4 Kb3 62. Nb6 Kb4 63. Kd5 Bc5 64. Kc6 Bd4 65. Kb7 Bg7 66. Ka6 Bd4 67. Ka7 Bg7 68. Kb8 Bd4 69. Kc7 Kc5 70. Kb7 Kb4 71. Kc6 Bg7 72. Kd5 Bh8 73. Ke6 Kc5 74. Nd5 Bd4 75. Nf4 Kb4 76. Nd3+ Kxa4 77. Ne5 Bc5 78. f6 Kb3 79. Ng6 Bf8 80. Nxf8 a4 81. f7 a3 82. Ng6 a2 83. f8=Q a1=Q 84. Qb8+ Ka2 85. Ne5 Qe1 86. Qa8+ Kb1 87. Qb7+ Ka1 88. Qb3 Qxe5+ 89. Kxe5 1/2-1/2

[Event "Winnipeg TNT February op"]
[Site "Winnipeg CAN"]
[Date "2017.02.28"]
[Round "4.4"]
[White "Baron, Gustav"]
[Black "Valentino, Marcos"]
[Result "1-0"]
[WhiteElo "2015"]
[BlackElo "2214"]
[WhiteFideId "-1"]
[WhiteFideId "-1"]
[PlyCount "117"]
[GameId "2160767908478742"]
[EventDate "2017.02.07"]
[EventType "swiss"]
[EventRounds "4"]
[EventCountry "CAN"]
[SourceTitle "EXT 2022"]
[Source "ChessBase"]
[SourceDate "2021.10.06"]
[SourceVersion "1"]
[SourceVersionDate "2021.10.06"]
[SourceQuality "1"]

1. e4 c6 2. Nc3 d5 3. Nf3 dxe4 4. Nxe4 Nf6 5. Ng3 g6 6. Bc4 Bg7 7. O-O O-O 8. d4 Nbd7 9. c3 Nb6 10. Bb3 Qc7 11. Re1 Bg4 12. Qe2 Rae8 13. h3 Bxf3 14. Qxf3 Nc8 15. Bf4 Nd6 16. Re2 Qd7 17. Rae1 e6 18. Be5 Nf5 19. Nxf5 exf5 20. Bxf6 Bxf6 21. g4 Rxe2 22. Rxe2 Kg7 23. gxf5 Qxf5 24. Qxf5 gxf5 25. Bc2 f4 26. Kg2 Rd8 27. Kf3 Bg5 28. Re5 h6 29. Kg4 Rd7 30. f3 Be7 31. Kf5 Bd6 32. Re2 Bc7 33. Rg2+ Kf8 34. Be4 Rd6 35. b4 b6 36. a3 c5 37. dxc5 bxc5 38. bxc5 Re6 39. Rc2 Rg6 40. h4 Ra6 41. Rb2 Ra5 42. c4 Rxc5+ 43. Bd5 Kg7 44. Rb7 a6 45. Ke4 Kg6 46. Kd4 Ra5 47. Rxc7 Kh5 48. Rxf7 Kxh4 49. Rxf4+ Kg3 50. Rg4+ Kf2 51. c5 h5 52. Rg7 Ra4+ 53. Ke5 Rxa3 54. c6 Rc3 55. Kd6 h4 56. c7 h3 57. f4 h2 58. Rg8 Rd3 59. Rh8 1-0

[Event "Winnipeg TNT February op"]
[Site "Winnipeg CAN"]
[Date "2017.02.28"]
[Round "4.4"]
[White "Booth, Kevin"]
[Black "Prince, Colin"]
[Result "1/2-1/2"]
[WhiteElo "1722"]
[BlackElo "1870"]
[WhiteFideId "-1"]
[WhiteFideId "-1"]
[PlyCount "135"]
[GameId "2160767908478743"]
[EventDate "2017.02.07"]
[EventType "swiss"]
[EventRounds "4"]
[EventCountry "CAN"]
[SourceTitle "EXT 2022"]
[Source "ChessBase"]
[SourceDate "2021.10.06"]
[SourceVersion "1"]
[SourceVersionDate "2021.10.06"]
[SourceQuality "1"]

1. d4 Nf6 2. Bf4 d5 3. e3 c5 4. c3 Nc6 5. Bd3 Bg4 6. Nf3 e6 7. Nbd2 Bd6 8. Bg3 Qe7 9. Qa4 O-O 10. Ne5 cxd4 11. Nxc6 bxc6 12. cxd4 c5 13. dxc5 Bxc5 14. O-O e5 15. Rfe1 e4 16. Be2 Bd6 17. Bh4 Bxe2 18. Rxe2 Rab8 19. Nb3 Rb4 20. Qa5 Qb7 21. Bxf6 gxf6 22. Rd1 Rb5 23. Qd2 Rb8 24. f4 Qa6 25. Qe1 Qxa2 26. Qg3+ Kh8 27. Nd4 Rxb2 28. Rxb2 Qxb2 29. Nc6 Rg8 30. Qf2 Qxf2+ 31. Kxf2 Rc8 32. Nxa7 Rc2+ 33. Kf1 Bc5 34. Nb5 Bxe3 35. Rxd5 Rf2+ 36. Ke1 Rxg2 37. Nd6 Bxf4 38. Nxe4 Be5 39. h3 Kg7 40. Rd2 Rg6 41. Rf2 Bg3 42. Nxg3 Rxg3 43. Rh2 f5 44. Kf2 f4 45. h4 h5 46. Rh1 Kf6 47. Ra1 Kf5 48. Ra5+ Kg4 49. Rg5+ Kxh4 50. Rf5 Kg4 51. Rxf7 h4 52. Rh7 Kh3 53. Rh8 Ra3 54. Rh7 Ra5 55. Kf3 Rf5 56. Rh8 Rf7 57. Rh6 Rf8 58. Rh7 Rg8 59. Kxf4 Rf8+ 60. Kg5 Kg3 61. Ra7 h3 62. Ra4 Rg8+ 63. Kf5 Kh2 64. Ra2+ Kh1 65. Kf4 h2 66. Kf3 Rg1 67. Rb2 Rf1+ 68. Kg3 1/2-1/2

[Event "Winnipeg TNT February op"]
[Site "Winnipeg CAN"]
[Date "2017.02.28"]
[Round "4.4"]
[White "Czarny, Keith"]
[Black "Piche, Zachary"]
[Result "1-0"]
[WhiteElo "1661"]
[BlackElo "1319"]
[WhiteFideId "-1"]
[WhiteFideId "-1"]
[PlyCount "57"]
[GameId "2160767908478744"]
[EventDate "2017.02.07"]
[EventType "swiss"]
[EventRounds "4"]
[EventCountry "CAN"]
[SourceTitle "EXT 2022"]
[Source "ChessBase"]
[SourceDate "2021.10.06"]
[SourceVersion "1"]
[SourceVersionDate "2021.10.06"]
[SourceQuality "1"]

1. d4 Nf6 2. g3 e6 3. Bg2 g6 4. Nf3 Bg7 5. O-O Nc6 6. Nc3 O-O 7. Be3 b6 8. Qd2 Re8 9. Bg5 Bb7 10. Ne4 h6 11. Nxf6+ Bxf6 12. Bxf6 Qxf6 13. Qxh6 Nxd4 14. Nxd4 Bxg2 15. Kxg2 Qxd4 16. Rad1 Qe4+ 17. Kg1 Qxe2 18. Rd2 Qb5 19. c3 d5 20. Re1 c5 21. Re5 Qc4 22. Rde2 d4 23. R2e4 Qb5 24. cxd4 Qxb2 25. d5 Rad8 26. dxe6 Rd4 27. exf7+ Kxf7 28. Rxe8 Rxe4 29. Qf8# 1-0

[Event "Winnipeg TNT February op"]
[Site "Winnipeg CAN"]
[Date "2017.02.28"]
[Round "4.4"]
[White "Einarsson, Ken"]
[Black "Bince, Rolando"]
[Result "0-1"]
[WhiteElo "1711"]
[BlackElo "2144"]
[WhiteFideId "-1"]
[WhiteFideId "-1"]
[PlyCount "98"]
[GameId "2160767908478745"]
[EventDate "2017.02.07"]
[EventType "swiss"]
[EventRounds "4"]
[EventCountry "CAN"]
[SourceTitle "EXT 2022"]
[Source "ChessBase"]
[SourceDate "2021.10.06"]
[SourceVersion "1"]
[SourceVersionDate "2021.10.06"]
[SourceQuality "1"]

1. d4 Nf6 2. c4 e6 3. Nc3 Bb4 4. Bd2 O-O 5. Nf3 c5 6. e3 d5 7. a3 Bxc3 8. Bxc3 Ne4 9. cxd5 Nxc3 10. bxc3 exd5 11. Be2 c4 12. O-O Bf5 13. Ne5 f6 14. Nf3 h6 15. Nd2 Re8 16. Bf3 Bd3 17. Re1 f5 18. Be2 Bxe2 19. Qxe2 Nc6 20. Qf3 Qd7 21. Qh3 Re7 22. f3 Rae8 23. e4 Na5 24. e5 Qe6 25. f4 g5 26. fxg5 hxg5 27. Rf1 Rf8 28. Qh5 g4 29. Qg5+ Rg7 30. Qf4 Nc6 31. Rfb1 b6 32. Rb2 Ne7 33. Nf1 Ng6 34. Qd2 f4 35. Qd1 Nh4 36. Rf2 Ng6 37. Raa2 Ne7 38. g3 Ng6 39. Qc1 Rgf7 40. Qe1 Rf5 41. Ne3 fxe3 42. Qxe3 Rf3 43. Qg5 Qf5 44. Qxf5 R8xf5 45. Rac2 Rxf2 46. Rxf2 Rxf2 47. Kxf2 Kf7 48. Ke3 Ke6 49. a4 Kf5 0-1

[Event "Winnipeg TNT February op"]
[Site "Winnipeg CAN"]
[Date "2017.02.28"]
[Round "4.4"]
[White "Goodman, Clifford"]
[Black "Myrzaibraimova, Aibike"]
[Result "1-0"]
[WhiteElo "1595"]
[BlackElo "1582"]
[WhiteFideId "-1"]
[WhiteFideId "-1"]
[PlyCount "115"]
[GameId "2160767908478747"]
[EventDate "2017.02.07"]
[EventType "swiss"]
[EventRounds "4"]
[EventCountry "CAN"]
[SourceTitle "EXT 2022"]
[Source "ChessBase"]
[SourceDate "2021.10.06"]
[SourceVersion "1"]
[SourceVersionDate "2021.10.06"]
[SourceQuality "1"]

1. e4 e5 2. Nf3 Nc6 3. Bb5 a6 4. Bxc6 dxc6 5. O-O Bd6 6. h3 Nf6 7. d3 h6 8. Nc3 Be6 9. a3 O-O 10. Re1 c5 11. Be3 Qe8 12. Ne2 Nh7 13. Ng3 f5 14. exf5 Bxf5 15. Nxf5 Rxf5 16. d4 cxd4 17. Bxd4 c5 18. Bc3 Rd8 19. Qd5+ Qf7 20. Qxf7+ Rxf7 21. Nxe5 Bxe5 22. Rxe5 c4 23. Rae1 Rff8 24. Re7 Rf7 25. Re8+ Rxe8 26. Rxe8+ Rf8 27. Rxf8+ Kxf8 28. f4 b5 29. Kf2 Kf7 30. Ke3 Nf6 31. Bxf6 Kxf6 32. Ke4 g6 33. g4 Ke6 34. h4 Kf6 35. g5+ hxg5 36. fxg5+ Ke6 37. c3 Kf7 38. Ke5 Ke7 39. Kd5 Kd7 40. Ke5 Ke7 41. Kf4 Kd6 42. h5 gxh5 43. g6 Ke6 44. Kg5 Ke7 45. Kxh5 Kf8 46. Kh6 Kg8 47. g7 a5 48. Kg6 a4 49. Kf6 b4 50. cxb4 c3 51. bxc3 Kh7 52. Kf7 Kh6 53. g8=Q Kh5 54. Kf6 Kh4 55. Kf5 Kh3 56. Kf4 Kh2 57. Kf3 Kh3 58. Qh7# 1-0

[Event "Winnipeg TNT February op"]
[Site "Winnipeg CAN"]
[Date "2017.02.28"]
[Round "4.4"]
[White "Green, Jim"]
[Black "Reimer, Bruce"]
[Result "1/2-1/2"]
[WhiteElo "1869"]
[BlackElo "1576"]
[WhiteFideId "-1"]
[WhiteFideId "-1"]
[PlyCount "61"]
[GameId "2160767908478748"]
[EventDate "2017.02.07"]
[EventType "swiss"]
[EventRounds "4"]
[EventCountry "CAN"]
[SourceTitle "EXT 2022"]
[Source "ChessBase"]
[SourceDate "2021.10.06"]
[SourceVersion "1"]
[SourceVersionDate "2021.10.06"]
[SourceQuality "1"]

1. e4 d6 2. d4 g6 3. Be3 Bg7 4. Nc3 a6 5. f3 b5 6. Bd3 e6 7. Qd2 Ne7 8. Nge2 Nd7 9. Ng3 c5 10. dxc5 dxc5 11. O-O O-O 12. Rab1 Bb7 13. a3 Qc7 14. Qf2 Nc6 15. Nd1 Nd4 16. c3 Nb3 17. Bc2 Na5 18. Kh1 Rfd8 19. f4 Nc4 20. e5 Rac8 21. Be4 Ndb6 22. Bxb7 Nxe3 23. Nxe3 Qxb7 24. Rbd1 Bf8 25. Rd2 Rd7 26. Rxd7 Qxd7 27. Rd1 Qc7 28. Ne4 Be7 29. h3 Rd8 30. Rxd8+ Qxd8 31. Qe2 1/2-1/2

[Event "Winnipeg TNT February op"]
[Site "Winnipeg CAN"]
[Date "2017.02.28"]
[Round "4.4"]
[White "Magnusson, Saul"]
[Black "Wolchock, Theo"]
[Result "1/2-1/2"]
[WhiteElo "2082"]
[BlackElo "1967"]
[WhiteFideId "-1"]
[WhiteFideId "-1"]
[PlyCount "84"]
[GameId "2160767908478750"]
[EventDate "2017.02.07"]
[EventType "swiss"]
[EventRounds "4"]
[EventCountry "CAN"]
[SourceTitle "EXT 2022"]
[Source "ChessBase"]
[SourceDate "2021.10.06"]
[SourceVersion "1"]
[SourceVersionDate "2021.10.06"]
[SourceQuality "1"]

1. d4 Nf6 2. c4 e5 3. dxe5 Ng4 4. Bf4 Nc6 5. Nf3 Bb4+ 6. Nc3 Qe7 7. Qd5 f6 8. exf6 Bxc3+ 9. bxc3 Nxf6 10. Qd3 d6 11. g3 O-O 12. Bg2 Bg4 13. O-O Rae8 14. Rfe1 Ne5 15. Nxe5 dxe5 16. Bg5 c6 17. Rad1 h6 18. Be3 Qa3 19. Qc2 Be6 20. Rb1 Qa6 21. Qb2 Rf7 22. Qc2 Ng4 23. Bc5 Qxc4 24. Bxa7 Qa6 25. Bc5 Qc4 26. Bb6 Ra8 27. Rb2 Ra6 28. Rd1 Rf8 29. h3 Rxb6 30. hxg4 Rxb2 31. Qxb2 Bxg4 32. Qxb7 Qxe2 33. Rf1 Bf3 34. Bxf3 Qxf3 35. Qb3+ Kh7 36. Qc2+ Kh8 37. Rd1 e4 38. Re1 Re8 39. a4 e3 40. Qe2 exf2+ 41. Qxf2 Rxe1+ 42. Qxe1 Qd5 1/2-1/2

[Event "Winnipeg TNT February op"]
[Site "Winnipeg CAN"]
[Date "2017.02.28"]
[Round "4.4"]
[White "Magyar, Peter"]
[Black "Letain, Cory"]
[Result "0-1"]
[WhiteElo "1529"]
[BlackElo "1737"]
[WhiteFideId "-1"]
[WhiteFideId "-1"]
[PlyCount "52"]
[GameId "2160767908478751"]
[EventDate "2017.02.07"]
[EventType "swiss"]
[EventRounds "4"]
[EventCountry "CAN"]
[SourceTitle "EXT 2022"]
[Source "ChessBase"]
[SourceDate "2021.10.06"]
[SourceVersion "1"]
[SourceVersionDate "2021.10.06"]
[SourceQuality "1"]

1. d4 Nf6 2. Nf3 g6 3. Bf4 Bg7 4. h3 O-O 5. e3 d6 6. Be2 Nbd7 7. O-O Re8 8. Nbd2 Nh5 9. Bh2 e5 10. c3 Qe7 11. Ne4 exd4 12. Ng3 Nxg3 13. Bxg3 dxe3 14. Rb1 Ne5 15. fxe3 Bf5 16. Ra1 Be4 17. Bh4 Nxf3+ 18. Bxf3 Qxh4 19. Qe2 Bxf3 20. Rxf3 Be5 21. Raf1 Re7 22. c4 Rae8 23. b3 Bd4 24. Kh1 Rxe3 25. Qd1 Rxf3 26. Rxf3 Re1+ 0-1

[Event "Winnipeg TNT February op"]
[Site "Winnipeg CAN"]
[Date "2017.02.28"]
[Round "4.4"]
[White "Myrzaibraimov, Azamat"]
[Black "Gannon, Keith"]
[Result "0-1"]
[WhiteElo "1633"]
[BlackElo "1623"]
[WhiteFideId "-1"]
[WhiteFideId "-1"]
[PlyCount "64"]
[GameId "2160767908478752"]
[EventDate "2017.02.07"]
[EventType "swiss"]
[EventRounds "4"]
[EventCountry "CAN"]
[SourceTitle "EXT 2022"]
[Source "ChessBase"]
[SourceDate "2021.10.06"]
[SourceVersion "1"]
[SourceVersionDate "2021.10.06"]
[SourceQuality "1"]

1. e4 c5 2. Nc3 d6 3. Bc4 e6 4. a3 Nf6 5. d3 Be7 6. Nf3 Nc6 7. h3 O-O 8. Be3 a6 9. Qe2 b5 10. Bb3 d5 11. exd5 Nxd5 12. Nxd5 exd5 13. d4 cxd4 14. Nxd4 Nxd4 15. Bxd4 Be6 16. O-O Bf6 17. Rad1 Re8 18. Qf3 Bxd4 19. Rxd4 Qb6 20. c3 Rad8 21. Re1 a5 22. Qd3 Qc5 23. Bc2 g6 24. b4 axb4 25. axb4 Qc6 26. Bb3 Kg7 27. Qd2 Rd6 28. Bxd5 Bxd5 29. Rxd5 Rxe1+ 30. Qxe1 Qxd5 31. Qe2 Qd1+ 32. Kh2 Qxe2 0-1

[Event "Winnipeg TNT January op"]
[Site "Winnipeg CAN"]
[Date "2017.01.10"]
[Round "1"]
[White "Bince, Rolando"]
[Black "Letain, Cory"]
[Result "1-0"]
[WhiteElo "2099"]
[BlackElo "1725"]
[WhiteFideId "-1"]
[WhiteFideId "-1"]
[PlyCount "71"]
[GameId "2160767908474920"]
[EventDate "2017.01.10"]
[EventType "swiss"]
[EventRounds "4"]
[EventCountry "CAN"]
[SourceTitle "EXT 2022"]
[Source "ChessBase"]
[SourceDate "2021.10.06"]
[SourceVersion "1"]
[SourceVersionDate "2021.10.06"]
[SourceQuality "1"]

1. e4 e5 2. f4 d5 3. exd5 e4 4. Bb5+ Bd7 5. Qe2 Nf6 6. Nc3 Qe7 7. d4 exd3 8. Bxd3 Bg4 9. Qxe7+ Bxe7 10. h3 Bd7 11. Bd2 Bb4 12. Nge2 Na6 13. a3 Bc5 14. O-O-O O-O 15. g4 c6 16. Ne4 Nxe4 17. Bxe4 Rfe8 18. Nc3 Bd4 19. Bf3 Bxc3 20. Bxc3 cxd5 21. Bxd5 Bc6 22. Bxc6 bxc6 23. Rd6 Rac8 24. b4 Re3 25. Rhd1 h6 26. R1d3 Rxd3 27. cxd3 c5 28. b5 Nb8 29. a4 Kf8 30. Rd5 c4 31. Kd2 cxd3 32. Kxd3 f6 33. Bd4 Ke7 34. Bc5+ Ke6 35. Kd4 Nd7 36. f5+ 1-0

[Event "Winnipeg TNT January op"]
[Site "Winnipeg CAN"]
[Date "2017.01.10"]
[Round "1"]
[White "Einarsson, Ken"]
[Black "Wiebe, Isaac"]
[Result "0-1"]
[WhiteElo "1747"]
[BlackElo "2196"]
[WhiteFideId "-1"]
[WhiteFideId "-1"]
[PlyCount "46"]
[GameId "2160767908474921"]
[EventDate "2017.01.10"]
[EventType "swiss"]
[EventRounds "4"]
[EventCountry "CAN"]
[SourceTitle "EXT 2022"]
[Source "ChessBase"]
[SourceDate "2021.10.06"]
[SourceVersion "1"]
[SourceVersionDate "2021.10.06"]
[SourceQuality "1"]

1. d4 e6 2. c4 f5 3. Nc3 Nf6 4. Nf3 Bb4 5. Bd2 O-O 6. e3 b6 7. Be2 Bb7 8. O-O Qe7 9. a3 Bxc3 10. Bxc3 d6 11. Qb3 Nbd7 12. Rac1 Ne4 13. Be1 Rf6 14. d5 e5 15. Qc2 Rg6 16. g3 Rf8 17. Nh4 Qxh4 18. f3 Nxg3 19. hxg3 Rxg3+ 20. Bxg3 Qxg3+ 21. Kh1 Rf6 22. Bd3 Rh6+ 23. Qh2 Rxh2# 0-1